000 01374nam a22002537a 4500
001 8312
003 FISKH
005 20250909082752.0
008 250909b cb ||||| |||| 00| 0 eng d
020 _a9789996388064
040 _aFISKH
_bkhr
_cFISKH
_dFISKH
050 _aPZ7
082 _a495.916
100 _aAnonymous
245 _aផ្លែឈើ :
_bFruit /
260 _aPhnom Penh :
_bWisdom Books,
_c2020.
300 _a16 unnumbered pages :
_bcolor illustrations ;
_c30 cm
520 _aសៀវភៅផាត់ពណ៍ផ្លែឈើនេះចង់បង្រៀនប្អូនៗ កុមារទាំងអស់ឲ្យស្គាល់ពណ៍ និងរៀនសរសេរពាក្យខ្លីៗជាភាសាខ្មែរនិងអង់គ្លេស ហើយជាពិសេសឲ្យប្អូនៗកុមារអាចសប្បាយរីករាយ ជាមួយការផាត់ពណ៍រូបភាពស្រស់ស្អាត។
520 _aThis coloring book will help young children identify colors and learn to write short and simple words in both khmer and English. In addition, it gives so much fun as they color these beatiful pictures.
650 _aColoring
650 _aសៀវភៅផាត់ពណ៍
942 _2ddc
_cKHB
_n0
999 _c8312
_d8312